[Event "GER-ch Net qual1 U18"]
[Site "Playchess.com INT"]
[Date "2011.05.01"]
[Round "3"]
[White "Enkelmann, Jan"]
[Black "Neisius, Laura Maria"]
[Result "0-1"]
[WhiteElo "1218"]
[BlackElo "1523"]
[PlyCount "90"]
[EventDate "2011.05.01"]
[EventType "swiss (blitz)"]
[EventRounds "7"]
[EventCountry "GER"]
[SourceTitle "CBM 142 Extra"]
[Source "ChessBase"]
[SourceDate "2011.06.27"]
[SourceVersion "1"]
[SourceVersionDate "2011.06.27"]
[SourceQuality "1"]

1. e4 e6 2. d4 d5 3. exd5 exd5 4. Nf3 Nc6 5. Bb5 a6 6. Ba4 Bd7 7. 0-0 Nf6 8. Nc3 b5 9. Bb3 Be6 10. Re1 Be7 11. Bf4 Na5 12. Nxd5 Nxd5 13. Bxd5 Bxd5 14. Ne5 0-0 15. Re3 f6 16. Ng4 Nc4 17. Rh3 Bd6 18. Bxd6 Qxd6 19. Qd3 f5 20. Ne3 Nxe3 21. fxe3 Qg6 22. Rg3 Qf6 23. Rf1 Be4 24. Qb3+ Kh8 25. Rh3 Qg6 26. Rg3 Qd6 27. c4 bxc4 28. Qxc4 Rf6 29. Qe2 Rg6 30. Rxg6 Qxg6 31. g3 Rf8 32. Qc4 Qd6 33. g4 fxg4 34. Rxf8+ Qxf8 35. Qe6 Bf3 36. Qxa6 h6 37. a4 Qb4 38. Qf1 Qxb2 39. a5 Qa3 40. h3 Qxe3+ 41. Kh2 Qf4+ 42. Kg1 gxh3 43. Qxh3 Qxd4+ 44. Kh2 Qf2+ 45. Qg2 Qxg2# 0-1

[Event "GER-ch Net qual1 U18"]
[Site "Playchess.com INT"]
[Date "2011.05.01"]
[Round "6"]
[White "Enkelmann, Jan"]
[Black "Pfleger, Juergen"]
[Result "0-1"]
[WhiteElo "1218"]
[BlackElo "1830"]
[PlyCount "30"]
[EventDate "2011.05.01"]
[EventType "swiss (blitz)"]
[EventRounds "7"]
[EventCountry "GER"]
[SourceTitle "CBM 142 Extra"]
[Source "ChessBase"]
[SourceDate "2011.06.27"]
[SourceVersion "1"]
[SourceVersionDate "2011.06.27"]
[SourceQuality "1"]

1. e4 d5 2. exd5 Qxd5 3. Nc3 Qa5 4. Bc4 Nf6 5. Nf3 Bg4 6. 0-0 e6 7. d3 c6 8. Bd2 Qc7 9. Ne4 Nxe4 10. dxe4 Bd6 11. g3 Nd7 12. Re1 0-0 13. Bc3 Ne5 14. Qd4 Nxf3+ 15. Kh1 Nxd4 0-1

[Event "GER-ch Net qual1 U18"]
[Site "Playchess.com INT"]
[Date "2011.05.01"]
[Round "4"]
[White "Peter, Laurenz"]
[Black "Enkelmann, Jan"]
[Result "1-0"]
[WhiteElo "1511"]
[BlackElo "1218"]
[PlyCount "81"]
[EventDate "2011.05.01"]
[EventType "swiss (blitz)"]
[EventRounds "7"]
[EventCountry "GER"]
[SourceTitle "CBM 142 Extra"]
[Source "ChessBase"]
[SourceDate "2011.06.27"]
[SourceVersion "1"]
[SourceVersionDate "2011.06.27"]
[SourceQuality "1"]

1. d4 d5 2. c4 e6 3. Nf3 Nf6 4. g3 Nc6 5. Bg2 b6 6. cxd5 exd5 7. e3 Ne4 8. Qc2 Bf5 9. Qxc6+ Bd7 10. Qxd5 Nf6 11. Qb3 a5 12. Bd2 Bd6 13. Qc2 0-0 14. Nc3 Re8 15. 0-0 Bc6 16. Ne2 Ra7 17. Qxc6 Re6 18. Qc2 Ne4 19. Nc3 Nxc3 20. Bxc3 c5 21. dxc5 bxc5 22. Rfd1 Rd7 23. Rd2 Bc7 24. Rad1 Rxd2 25. Qxd2 Rd6 26. Nd4 cxd4 27. Bxd4 Rd7 28. Qc2 Be5 29. Bf3 Bxd4 30. Rxd4 Rxd4 31. exd4 g6 32. Qc5 Qe8 33. d5 Qe1+ 34. Kg2 g5 35. d6 Qd2 36. Qc8+ Kg7 37. d7 Qxb2 38. d8Q Qxa2 39. Qd4+ Kg6 40. Qc6+ Kf5 41. Qcf6# 1-0

[Event "GER-ch Net qual1 U18"]
[Site "Playchess.com INT"]
[Date "2011.05.01"]
[Round "2"]
[White "Schwiddessen, Jan"]
[Black "Enkelmann, Jan"]
[Result "1-0"]
[WhiteElo "1703"]
[BlackElo "1218"]
[PlyCount "45"]
[EventDate "2011.05.01"]
[EventType "swiss (blitz)"]
[EventRounds "7"]
[EventCountry "GER"]
[SourceTitle "CBM 142 Extra"]
[Source "ChessBase"]
[SourceDate "2011.06.27"]
[SourceVersion "1"]
[SourceVersionDate "2011.06.27"]
[SourceQuality "1"]

1. e4 e5 2. Nf3 Nc6 3. Bc4 Bc5 4. c3 a6 5. d4 Ba7 6. d5 Nce7 7. Nxe5 b5 8. Bb3 c6 9. dxc6 dxc6 10. Qxd8+ Kxd8 11. Nxf7+ Ke8 12. Nxh8 Nf6 13. Nf7 Nxe4 14. 0-0 Nf5 15. Nd2 Nf6 16. Re1+ Kf8 17. Ne4 Ng4 18. h3 Nf6 19. Nxf6 gxf6 20. g4 Nh4 21. Bh6+ Kg8 22. Nd8+ Kh8 23. Re8# 1-0